00615 2200229 4500001002100000005001700021008004100038035002400079090002400103100001600127245006600143250001000209260003700219300002000256500002700276650002400303850001500327980001300342985000600355990000900361999001500370YOGYA-0209000006067520090227035827.0 ind  0010-020900000060675 a499.220 7bSug TlT aSUGIRI, R.C aTjetjawis kanggo udjian basa DjawabSGA utawa SMAcR.C Sugiri aCet.3 aSemarangbYayasan Kanisiusc1964 a...jilidc22 cm aYang diterima : jil. 2 aBahasa Jawa - Ujian aYOPDYOG(B) a10-09-09 a1 aJawa ab000009623